Объектно-ориентированные языки - Армагеддон - Statistics

General Stats
  • This quiz has been taken 9 times
  • The average score is 6 of 11
Answers on the Grid
Answers color-coded by a green-red scale on the quiz's grid according to % correct below.
HTML
C#
Ada
Java
Prolog
Perl
Python
Ruby
SQL
Mathematica
C++
Lisp
MATLAB
Lua
PHP
G-code
JavaScript
Haskell
Gremlin
Delphi
 
Answer Stats
Answer % Correct
C++
89%
Python
89%
C#
78%
Java
78%
Delphi
56%
PHP
56%
Ruby
56%
JavaScript
22%
Lua
22%
Ada
11%
Lisp
0%
No matching quizzes found
Score Distribution
Percent of People with Each Score
Percentile by Number Answered
Your Score History
You have not taken this quiz